Holiday by Dumb Description Quiz Stats

Quiz Updated Dec 12, 2014

Also try: Holidays by Cake
Challenge
Share
Tweet
Embed
Score 0/20 Timer 04:00
1 Play Today
% Correct
April Fools' Day
98.7%
Valentine's Day
98.1%
Groundhog Day
96.9%
Talk Like a Pirate Day
95.9%
Leap Day
95.7%
Star Wars Day
95.5%
Pi Day
95.4%
Teddy Bear Day
95.1%
Lazy Day
94.9%
Polar Bear Day
94.5%
% Correct
Whacking Day
93.8%
King Tut Day
92.9%
Free Slurpee Day
92.8%
Camera Day
92.2%
National Chocolate Day
92%
Trivia Day
91.9%
Festivus
90.3%
No Beard Day
88.8%
Girl Scout Day
88.5%
Sadie Hawkins Day
85.5%

You're not logged in!

Compare scores with friends on all Sporcle quizzes.
Sign Up with Email
OR
Log In

You Might Also Like...

Show Comments

Extras

Top Quizzes Today


Score Distribution

Your Account Isn't Verified!

In order to create a playlist on Sporcle, you need to verify the email address you used during registration. Go to your Sporcle Settings to finish the process.